|
|
|
|
| LEADER |
01301nam a2200301 a 4500 |
| 001 |
3524161 |
| 005 |
20050106074307.0 |
| 008 |
960410s1996 enka b 001 0 eng d |
| 010 |
|
|
|a \\\96016546
|
| 020 |
|
|
|a 185649439X (hb)
|
| 020 |
|
|
|a 1856494403 (pb)
|
| 020 |
|
|
|a 1864030321 (in Australia)
|
| 040 |
|
|
|a DLC
|c DLC
|d DLC
|d BD-DhAAL
|
| 082 |
0 |
0 |
|a 330.9/045
|2 20
|
| 100 |
1 |
|
|a Hopkins, Terence K.
|
| 245 |
1 |
4 |
|a The age of transition :
|b trajectory of the world-system 1945-2025 /
|c coordinated by Terence K. Hopkins and Immanuel Wallerstein, with John Casparis ... [et al.].
|
| 260 |
|
|
|a London ;
|a Atlantic Highlands, N.J. :
|b Zed Books ;
|a Leichhardt, NSW, Australia :
|b Pluto Press,
|c 1996.
|
| 300 |
|
|
|a ix, 278 p. :
|b ill. ;
|c 22 cm.
|
| 504 |
|
|
|a Includes bibliographical references (p. [244]-271) and index.
|
| 541 |
1 |
|
|e 00014577
|
| 650 |
|
0 |
|a Economic history
|y 1945-
|
| 650 |
|
0 |
|a Capitalism
|x History
|y 20th century.
|
| 650 |
|
0 |
|a Economic forecasting.
|
| 650 |
|
0 |
|a Competition, International
|x History
|y 20th century.
|
| 700 |
1 |
|
|a Wallerstein, Immanuel Maurice,
|d 1930-
|
| 852 |
4 |
|
|a Ayesha Abed Library
|j General shelf
|
| 999 |
|
|
|c 6136
|d 6136
|
| 952 |
|
|
|0 0
|1 0
|2 ddc
|4 0
|6 330_904500000000000_HOP_1996
|7 0
|9 6132
|a BRACUL
|b BRACUL
|c GEN
|d 2009-12-15
|l 0
|o 330.9045 HOP
|p 3010014577
|r 2009-12-15
|t 1
|w 2009-12-15
|y BK
|